Normal view
MARC view
Entry Personal Name
001 - CONTROL NUMBER
- control field: 1204
003 - CONTROL NUMBER IDENTIFIER
- control field: OSt
005 - DATE AND TIME OF LATEST TRANSACTION
- control field: 20110419163839.0
008 - FIXED-LENGTH DATA ELEMENTS
- fixed length control field: 110419|||a|||||| | ||| d
040 ## - CATALOGING SOURCE
- Original cataloging agency: OSt
- Transcribing agency: OSt
100 ## - HEADING--PERSONAL NAME
- Personal name: Salmond, John William,
- Titles and other words associated with a name: Sir,
- Dates associated with a name: 1862-1924.
- Title of a work: Law of torts.
670 ## - SOURCE DATA FOUND
- Source citation: Work cat.: (OSt)0: Heuston, R. F. V. 1202, Salmond on the law of torts., 1961.
